Ընտիր երկեր : (Record no. 102689)
[ view plain ]
| 000 -LEADER | |
|---|---|
| fixed length control field | 01052nam a2200229 a 4500 |
| 001 - CONTROL NUMBER | |
| control field | 000280769 |
| 003 - CONTROL NUMBER IDENTIFIER | |
| control field | AM-YeHGA |
| 005 - DATE AND TIME OF LATEST TRANSACTION | |
| control field | 20250618071838.0 |
| 008 - FIXED-LENGTH DATA ELEMENTS--GENERAL INFORMATION | |
| fixed length control field | 031106s1987 ai 000 | arm d |
| 020 ## - INTERNATIONAL STANDARD BOOK NUMBER | |
| International Standard Book Number | 5550001780(Հ.2) |
| 040 ## - CATALOGING SOURCE | |
| Original cataloging agency | AM-YeHGA |
| 041 0# - LANGUAGE CODE | |
| Language code of text/sound track or separate title | arm |
| 090 ## - LOCALLY ASSIGNED LC-TYPE CALL NUMBER (OCLC); LOCAL CALL NUMBER (RLIN) | |
| -- | 104008 |
| 100 1# - MAIN ENTRY--PERSONAL NAME | |
| Personal name | Հովսեփյան, Բաղիշ Արշակի, |
| Dates associated with a name | 1922-2004 |
| 9 (RLIN) | 1920 |
| 245 10 - TITLE STATEMENT | |
| Title | Ընտիր երկեր : |
| Remainder of title | 2 հատորով / |
| Statement of responsibility, etc. | Բ. Հովսեփյան; Խմբ.՝ Ա. Քիշոյան; Առաջաբ.՝ Ս. Աթաբեկյան. |
| 260 ## - PUBLICATION, DISTRIBUTION, ETC. | |
| Place of publication, distribution, etc. | Երևան : |
| Name of publisher, distributor, etc. | Սովետական գրող, |
| Date of publication, distribution, etc. | 1987. |
| 300 ## - PHYSICAL DESCRIPTION | |
| Extent | Հ. ; |
| Dimensions | 20 սմ. |
| 505 00 - FORMATTED CONTENTS NOTE | |
| Miscellaneous information | Հ. 1. (1987, 445 էջ) : |
| Title | Վեպ, պատմվածքներ |
| Miscellaneous information | Հ. 2. (1988, 579 էջ) : |
| Title | «Սերմնացանները չվերադարձան» վեպը, վավերագրություն, պատմվածքներ |
| 650 14 - SUBJECT ADDED ENTRY--TOPICAL TERM | |
| Topical term or geographic name entry element | Հայ գրականություն |
| General subdivision | Երկեր |
| 700 1# - ADDED ENTRY--PERSONAL NAME | |
| Personal name | Աթաբեկյան, Սերգեյ Աթաբեկի, |
| Dates associated with a name | 1937-2000 |
| Relator term | առաջաբ. |
| Relationship | aui |
| 9 (RLIN) | 1124 |
| 700 1# - ADDED ENTRY--PERSONAL NAME | |
| Personal name | Քիշոյան, Ա.Ս. |
| Relator term | խմբ. |
| Relationship | edt |
| Withdrawn status | Lost status | Damaged status | Not for loan | Collection | Home library | Current library | Date acquired | Serial enumeration / chronology | Total checkouts | Full call number | Barcode | Date last seen | Price effective from | Koha item type | Public note |
|---|---|---|---|---|---|---|---|---|---|---|---|---|---|---|---|
| General | Fundamental Scientific Library | Fundamental Scientific Library | 22/12/2016 | 1 | 891.981 | 220075780 | 22/12/2016 | 22/12/2016 | Գրքեր / Books | 30 Days Loan | |||||
| General | Fundamental Scientific Library | Fundamental Scientific Library | 22/12/2016 | 2 | 891.981 | 220076106 | 22/12/2016 | 22/12/2016 | Գրքեր / Books | 30 Days Loan | |||||
| General | Fundamental Scientific Library | Fundamental Scientific Library | 22/12/2016 | 2 | 891.981 | 220076380 | 22/12/2016 | 22/12/2016 | Գրքեր / Books | 30 Days Loan | |||||
| General | Fundamental Scientific Library | Fundamental Scientific Library | 22/12/2016 | 2 | 891.981 | 220077385 | 22/12/2016 | 22/12/2016 | Գրքեր / Books | 30 Days Loan |
ՀՀ Գիտությունների ազգային ակադեմիայի հիմնարար գիտական գրադարան = Fundamental Scientific Library of NAS RA
All site content, except where otherwise noted, is licensed under a